Music Quiz

Random Music or Artist Quiz
Score 0/17 Timer 02:00
17 Plays Today
% Correct
Cold
94.7%
Baby
93.8%
Start
91.8%
Light
90%
Set
89.6%
World
88.4%
Play
88%
Balls
87.4%
Rain
86.8%
% Correct
Ring
86.2%
Motion
86%
Distant
85.6%
Girl
82.3%
Chariots
76.7%
Sex
68%
I'm
65.2%
Lake
64.8%

You're not logged in!

Compare scores with friends on all Sporcle quizzes.
OR
Log In

Sporcle TV

Today on Sporcle TV


Watch our educational content, quiz creation guides, and fun videos on Sporcle TV.

Show Comments

Extras

Top Quizzes Today


Score Distribution

Paid Content

Your Account Isn't Verified!

In order to create a playlist on Sporcle, you need to verify the email address you used during registration. Go to your Sporcle Settings to finish the process.

Report this User

Report this user for behavior that violates our Community Guidelines.

Details: